| 000 | 01189nam a2200301 i 4500 | ||
|---|---|---|---|
| 001 | 000014203 | ||
| 003 | DO-SdBNP | ||
| 005 | 20240301073824.0 | ||
| 007 | ta | ||
| 008 | 091207s2003 dr 000 0aspa d | ||
| 040 |
_aDO-SdBNP _bspa _cBNPHU _erda |
||
| 082 | 4 | _222 | |
| 100 | 1 |
_aCéspedes, Diógenes, _d1941- _920548 |
|
| 245 | 1 | 0 |
_aImagen de José Martí en don Fernando de Los Ríos / _cJosé Ferrer Canales ; director Diógenes Céspedes ; introducción Carmen Durán. |
| 264 |
_aSanto Domingo : _bBiblioteca Nacional Pedro Henríquez Ureña, _c2003. |
||
| 300 |
_a26 páginas ; _c19 cm. |
||
| 336 |
_2rdacontent _atexto _btxt |
||
| 337 |
_2rdamedia _asin mediación _bn |
||
| 338 |
_2rdacarrier _avolumen _bnc |
||
| 490 | 0 |
_aMonográfica _v4 |
|
| 500 | _aIncluye datos biográficos del autor en la contracubierta. | ||
| 500 | _aIncluye referencias bibliográficas y notas al pie de las páginas | ||
| 505 | 0 |
_aDuarte y Martí / _rCarmen Durán -- _t Imagen de José Martí en don Fernando de Los Ríos. |
|
| 590 | _aInventariado, 2023/BT | ||
| 700 | 1 |
_aCéspedes, Diógenes, _d1941- _edirección _920548 |
|
| 700 | 1 |
_aDurán, Carmen, _eintroducción _932085 |
|
| 942 |
_2ddc _cLF2 |
||
| 999 |
_c13804 _d13804 |
||